Online
Catalog

Korea : (Record no. 34072)

MARC details
000 -CABECERA
campo de control de longitud fija 00642nam a2200181 a 4500
001 - NÚMERO DE CONTROL
campo de control 000034581
005 - FECHA Y HORA DE LA ÚLTIMA TRANSACCIÓN
campo de control 20200930073758.0
008 - DATOS DE LONGITUD FIJA--INFORMACIÓN GENERAL
campo de control de longitud fija 111010s2008 xxud 000 0 spa d
020 ## - NÚMERO INTERNACIONAL ESTÁNDAR DEL LIBRO
Número Internacional Estándar del Libro 9781604565133
040 ## - FUENTE DE LA CATALOGACIÓN
Centro catalogador/agencia de origen DO-SdBNP
Lengua de catalogación spa
Centro/agencia transcriptor BNPHU
082 ## - NÚMERO DE LA CLASIFICACIÓN DECIMAL DEWEY
Número de clasificación xxxx
Número de documento/Ítem K84
245 00 - MENCIÓN DE TÍTULO
Título Korea :
Resto del título economic, political and social Issues /
Mención de responsabilidad, etc. Paul H. Elwood, Jeremuy B. Albertus.
260 ## - PUBLICACIÓN, DISTRIBUCIÓN, ETC.
Lugar de publicación, distribución, etc. New York :
Nombre del editor, distribuidor, etc. Nova Science Publishers,
Fecha de publicación, distribución, etc. 2008.
300 ## - DESCRIPCIÓN FÍSICA
Extensión 222 p. :
Otras características físicas gráf. ;
Dimensiones 25 cm.
500 ## - NOTA GENERAL
Nota general Incluye referencias bibliográficas y notas al pie de las páginas e índice
700 12 - PUNTO DE ACCESO ADICIONAL--NOMBRE DE PERSONA
Nombre de persona Elwood, Paul H.,
Término indicativo de función/relación ed.
9 (RLIN) 60016
700 12 - PUNTO DE ACCESO ADICIONAL--NOMBRE DE PERSONA
Nombre de persona Albertus, Jeremy,
Término indicativo de función/relación ed.
9 (RLIN) 60017
Holdings
Estado de retiro Estado de pérdida Restricciones de uso No para préstamo Código de colección Localización permanente Ubicación/localización actual Ubicación en estantería Fecha de adquisición Número de inventario Total de préstamos Signatura topográfica completa Código de barras Fecha visto por última vez Precio válido a partir de Tipo de ítem Koha
      Excluido de préstamo Monografías: Libros y Folletos General General Depósito 10.10.2011 LF1   xxxx K84 34581-10 25.06.2020 25.06.2020 No se presta

Powered by Koha